000 00409nam a2200181Ia 4500
001 1742
005 20260306143751.0
008 260306t1977||||xx |||||||||||||| ||spa||
041 _aESP
082 _a155.28
_bL88
100 _aLûscher, Max
_eAUT
245 0 _aTest de los colores:
_b(test de Lûscher)
260 _c1977
300 _a
_c
650 _aGEN
654 _aCPS
942 _cLIB
_dJUS
_fJUS
_2ddc
_n
999 _c1742
_d1742